000 00719nam a2200253Ia 4500
003 OSt
005 20221005082220.0
006 a|||||r|||| 00| 0
007 ta
008 221004b |||||||| |||| 00| 0 eng d
024 _a57446
037 _cTextual
040 _aCRL
_cCRL
_beng
041 _2eng
_aeng
082 _aV2:191N4.N62<-N57, N2
100 _aReddy E S Ed.
245 0 _aKrishna Menon on Kashmir
_b Speeches at United Nations.
260 _aNew Delhi
_bSanchar
_c1992
300 _a422p.
_ccm.
650 _aHISTORY
700 _a Damodaram A K Ed.
_9611673
942 _hV2:191N4.N62<-N57, N2
_cTEXL
_2cc
999 _c988912
_d988912